000 00298nam a22001337a 4500
008 170131b xxu||||| |||| 00| 0 eng d
020 _a9781455744893
041 _aeng
080 _a61
100 _a3
101 _aSHMI
245 _a2013 STEP-BY-STEP MEDICAL CODING
_cBUCK, C.J
942 _2udc
_cBK
999 _c4095
_d4095